О применении в карбюраторных двигателях пневмодинамических регуляторов скорости; Известия вузов. Машиностроение; № 3-4

Dades bibliogràfiques
Parent link:Известия вузов. Машиностроение.— , 1958-2008, 2011-2013.— 0536-1044
№ 3-4.— 1958.— С. 104-111
Autor principal: Бельтюков В. П.
Idioma:rus
Publicat: 1958
Matèries:
Format: MixedMaterials Capítol de llibre
KOHA link:https://koha.lib.tpu.ru/cgi-bin/koha/opac-detail.pl?biblionumber=576216

MARC

LEADER 00000naa2a2200000 4500
001 576216
005 20231101130232.0
035 |a (RuTPU)RU\TPU\prd\275291 
035 |a RU\TPU\tpu\7263 
090 |a 576216 
100 |a 20180214a1958 k y0rusy50 ca 
101 0 |a rus 
102 |a RU 
200 1 |a О применении в карбюраторных двигателях пневмодинамических регуляторов скорости  |f В. П. Бельтюков 
320 |a Библиогр.: 6 назв. 
461 |0 (RuTPU)RU\TPU\prd\188  |x 0536-1044  |t Известия вузов. Машиностроение  |d 1958-2008, 2011-2013 
463 |0 (RuTPU)RU\TPU\prd\124350  |t № 3-4  |v С. 104-111  |d 1958 
610 1 |a транспортное машиностроение 
610 1 |a труды учёных ТПУ 
700 1 |a Бельтюков  |b В. П. 
801 0 |a RU  |b 63413507  |c 20011210  |g PSBO 
801 2 |a RU  |b 63413507  |c 20180214  |g PSBO 
942 |c BK